Tisíc a sto let české stavební tvorby /

Hlavní autor: Mencl, Václav, 1905-1978
Jazyk: Čeština
Vydáno: Praha : Státní památková správa, 1957
Témata:
Fyzický popis: 31 s., 24 il. na příl.
Knihy
Uloženo v:
LEADER 00718nam a22002052a 4500
001 000191041
003 CZ BrMZK
005 19970107143423.0
008 970107s1957 xr f cze d
015 |a cnb000513159 
035 |a (OCoLC)78390610 
040 |a BOA001  |b cze 
100 1 |a Mencl, Václav,  |d 1905-1978  |7 jk01081202 
245 1 0 |a Tisíc a sto let české stavební tvorby /  |c napsal Václav Mencl. 
260 |a Praha :  |b Státní památková správa,  |c 1957 
300 |a 31 s., 24 il. na příl. 
910 |a BOA001  |b PK-N-0025.178 
964 |a Architektura česká - dějiny - publikace obrazové 
990 |a BK 
996 7 |b 3119949393  |c PK-N-0025.178  |l MZK  |r Sklad / do 1 hodiny  |n 14  |w 000191041  |u 000010  |a 1  |e BOA001  |j MZK50  |s A